000 00625nam a2200229Ia 4500
003 OSt
005 20230602094552.0
008 210423s2014 xx 000 0 und d
020 _a978-93-81138-82-3
040 _cAL
041 _aeng
082 _a361.3 FERS
100 _aFERNANDEZ (Alex.B);GEETHAKUMARI (K)
_9118535
245 _aSocial work and rural development
260 _aDelhi
_bPacific Books International
_c2014
300 _aV,274
_bHB
365 _b995
_cINR
650 _aSocial Sciences
_9118536
650 _aSocial Work
_9118537
906 _adevelopment ; rural ; Social ; work
942 _2ddc
_cBK
999 _c176441
_d176441